000 00457nam a2200181Ia 4500
008 240510s9999 xx 000 0 und d
020 _a0009552102618
041 _asih
082 _a800
082 _bB86
100 _aBURK, Pearl S ((Translators) :Hemaloka, Uoorapola : Wijayawardena, Hemapala
245 0 _aSara Bhumi : Good Earth
260 _bColombo : Gunasena Ltd.
260 _c1996
300 _a337 p.
942 _2ddc
942 _cLBK
999 _c28325
_d28325
945 _a1
_bMadushi Gamage
_c1
_dMadushi Gamage